[Event "Oberliga Ost B"]
[Site "?"]
[Date "2022.09.18"]
[Round "1.1"]
[White "Teske, Henrik"]
[Black "Vorontsov, Pavlo"]
[Result "1/2-1/2"]
[WhiteElo "2464"]
[BlackElo "2510"]
[PlyCount "58"]
[EventDate "2022.09.18"]
[EventType "team-tourn"]
[EventCountry "GER"]
[WhiteTeam "Erfurt SV Empor"]
[BlackTeam "Emstal Bad Wolfhagen SF"]
[WhiteTeamCountry "GER"]
[BlackTeamCountry "GER"]

1. d4 Nf6 2. c4 e6 3. g3 Bb4+ 4. Bd2 a5 5. Bg2 d5 6. a3 Be7 7. cxd5 exd5 8. Nc3 O-O 9. Nf3 Ne4 10. O-O Nc6 11. Rc1 Bf5 12. Bf4 Nxc3 13. Rxc3 a4 14. Qd2 Bd6 15. Rfc1 Be4 16. Bxd6 cxd6 17. Ng5 Bxg2 18. Kxg2 Na5 19. R1c2 Nc4 20. Qf4 h6 21. Nf3 Qe7 22. Nh4 Rfe8 23. Nf5 Qe4+ 24. Qxe4 Rxe4 25. Ne3 Nxe3+ 26. Rxe3 Rxe3 27. fxe3 Ra5 28. Kf3 g6 29. Rc8+ Kg7 1/2-1/2

[Event "Oberliga Ost B"]
[Site "?"]
[Date "2022.09.18"]
[Round "1.2"]
[White "Peng, Li Min"]
[Black "Langheinrich, Ferenc"]
[Result "1-0"]
[WhiteElo "2502"]
[BlackElo "2366"]
[PlyCount "73"]
[EventDate "2022.09.18"]
[EventType "team-tourn"]
[EventCountry "GER"]
[WhiteTeam "Emstal Bad Wolfhagen SF"]
[BlackTeam "Erfurt SV Empor"]
[WhiteTeamCountry "GER"]
[BlackTeamCountry "GER"]

1. d4 Nf6 2. c4 g6 3. Nc3 Bg7 4. e4 d6 5. Be2 O-O 6. Be3 Nc6 7. d5 Ne5 8. Nf3 Nxf3+ 9. Bxf3 c5 10. dxc6 bxc6 11. e5 Nd7 12. exd6 Ne5 13. Be2 exd6 14. Rc1 Qh4 15. O-O Re8 16. b3 Bf5 17. Qd2 h6 18. f4 Ng4 19. Bxg4 Bxg4 20. Bf2 Qf6 21. h3 Bf5 22. Rfd1 Bf8 23. Bd4 Qh4 24. b4 d5 25. cxd5 Bd6 26. Bf2 Qxf4 27. Qxf4 Bxf4 28. dxc6 Bxc1 29. Rxc1 Red8 30. b5 Rd2 31. g4 Be6 32. a4 f5 33. Bxa7 fxg4 34. b6 g3 35. b7 Rf8 36. Rf1 Re8 37. Ne4 1-0

[Event "Oberliga Ost B"]
[Site "?"]
[Date "2022.09.18"]
[Round "1.3"]
[White "Urban, Lars"]
[Black "Galperin, Platon"]
[Result "1/2-1/2"]
[WhiteElo "2187"]
[BlackElo "2526"]
[PlyCount "24"]
[EventDate "2022.09.18"]
[EventType "team-tourn"]
[EventCountry "GER"]
[SourceTitle "q"]
[WhiteTeam "Erfurt SV Empor"]
[BlackTeam "Emstal Bad Wolfhagen SF"]
[WhiteTeamCountry "GER"]
[BlackTeamCountry "GER"]

1. d4 d5 2. c4 dxc4 3. e3 e5 4. Bxc4 Nc6 5. Nf3 e4 6. Nfd2 Qg5 7. Kf1 Qg6 8. Nc3 Nf6 9. Qc2 Bf5 10. Bb5 a6 11. Bxc6+ bxc6 12. Ne2 Nd5 1/2-1/2

[Event "Oberliga Ost B"]
[Site "?"]
[Date "2022.09.18"]
[Round "1.5"]
[White "Michalowski, Peter"]
[Black "Kersten, Uwe"]
[Result "0-1"]
[WhiteElo "2109"]
[BlackElo "2261"]
[PlyCount "92"]
[EventDate "2022.09.18"]
[EventType "team-tourn"]
[EventCountry "GER"]
[WhiteTeam "Erfurt SV Empor"]
[BlackTeam "Emstal Bad Wolfhagen SF"]
[WhiteTeamCountry "GER"]
[BlackTeamCountry "GER"]

1. e4 e6 2. d4 d5 3. Nc3 Nc6 4. Nf3 Nf6 5. exd5 exd5 6. Be2 Bb4 7. O-O O-O 8. Bg5 Bxc3 9. bxc3 Qd6 10. Bxf6 Qxf6 11. Re1 Bf5 12. Qd2 Be4 13. Rac1 h6 14. Bd3 Bxf3 15. gxf3 Qxf3 16. Re3 Qf4 17. Rb1 b6 18. Qe2 Nd8 19. Rf3 Qd6 20. Bf5 Ne6 21. Bxe6 fxe6 22. Re1 Rxf3 23. Qxf3 Rf8 24. Qg4 Rf5 25. Kh1 Rxf2 26. Qxe6+ Qxe6 27. Rxe6 Rxc2 28. Rc6 Rxa2 29. Rxc7 a5 30. Rd7 Ra3 31. Rxd5 Rxc3 32. Rb5 Rc4 33. Rxb6 Rxd4 34. Kg2 Rf4 35. Ra6 Rf5 36. Kg3 Rb5 37. h3 Kh7 38. Kf3 Rf5+ 39. Kg3 Rd5 40. Kf3 Rc5 41. Kg3 g5 42. Kf3 h5 43. Kg3 h4+ 44. Kg2 Rf5 45. Kh2 Kg7 46. Kg2 Kf7 0-1

[Event "Oberliga Ost B"]
[Site "?"]
[Date "2022.09.18"]
[Round "1.7"]
[White "Nicolai, Tim"]
[Black "Kvak, Robert"]
[Result "1-0"]
[WhiteElo "1971"]
[BlackElo "2137"]
[PlyCount "93"]
[EventDate "2022.09.18"]
[EventType "team-tourn"]
[EventCountry "GER"]
[WhiteTeam "Erfurt SV Empor"]
[BlackTeam "Emstal Bad Wolfhagen SF"]
[WhiteTeamCountry "GER"]
[BlackTeamCountry "GER"]

1. e4 c5 2. Nc3 d6 3. d4 cxd4 4. Qxd4 a6 5. b3 Nc6 6. Qd2 Nf6 7. Bb2 e6 8. O-O-O Be7 9. Kb1 b5 10. f3 h5 11. h4 Bb7 12. Nh3 Qc7 13. Ng5 Rd8 14. Qf4 Ne5 15. Ne2 Rc8 16. Rd2 Qb6 17. Nd4 O-O 18. Be2 Rfd8 19. Ndxe6 fxe6 20. Nxe6 Rd7 21. Rhd1 Ne8 22. Qf5 Bf6 23. Qxh5 Re7 24. Nf4 Rb8 25. g4 g6 26. Nxg6 Rh7 27. Nxe5 Rxh5 28. Nd7 Qd8 29. Nxf6+ Nxf6 30. gxh5 Ne8 31. e5 Qxh4 32. exd6 Rd8 33. d7 Nf6 34. Rd6 Nxh5 35. Rh6 Qg5 36. Rh8+ Kf7 37. Rxd8 Qxd8 38. Be5 Bc6 39. Bc7 Qxd7 40. Rxd7+ Bxd7 41. c4 Ke6 42. Kb2 Bc6 43. Kc3 bxc4 44. Bxc4+ Kd7 45. Be5 Bxf3 46. Bxa6 Ke6 47. Kd4 1-0

[Event "Oberliga Ost B"]
[Site "?"]
[Date "2022.09.18"]
[Round "1.1"]
[White "Kunin, Vitaly"]
[Black "Dietz, Holger"]
[Result "1-0"]
[WhiteElo "2508"]
[BlackElo "2303"]
[PlyCount "85"]
[EventDate "2022.09.18"]
[EventType "team-tourn"]
[EventCountry "GER"]
[WhiteTeam "Moerlenbach Birkenau Freibauer"]
[BlackTeam "Gernsheim SK"]
[WhiteTeamCountry "GER"]
[BlackTeamCountry "GER"]

1. e4 e6 2. d4 d5 3. exd5 exd5 4. Nf3 Nf6 5. Bd3 Bd6 6. Qe2+ Be7 7. h3 O-O 8. O-O Re8 9. Ne5 c5 10. c3 Nc6 11. Be3 Bd6 12. Nxc6 bxc6 13. Nd2 Rb8 14. b3 Bf4 15. dxc5 Bxe3 16. fxe3 Qe7 17. b4 Qxe3+ 18. Qxe3 Rxe3 19. Rf3 Re7 20. Nb3 Nd7 21. Nd4 Ne5 22. Re3 Bd7 23. Bf5 f6 24. Rae1 Bxf5 25. Nxf5 Rc7 26. g4 h6 27. Kg2 a5 28. a3 Ra8 29. h4 axb4 30. axb4 Nxg4 31. Re7 Raa7 32. Rxc7 Rxc7 33. Re7 Rxe7 34. Nxe7+ Kf7 35. Nxc6 Ke8 36. b5 Kd7 37. Nb4 Ne3+ 38. Kf3 Nf5 39. c6+ Kd6 40. b6 Nxh4+ 41. Kf2 Ng6 42. b7 Kc7 43. Na6+ 1-0

[Event "Oberliga Ost B"]
[Site "?"]
[Date "2022.09.18"]
[Round "1.2"]
[White "Mazurek, Robert"]
[Black "Galdunts, Sergey"]
[Result "0-1"]
[WhiteElo "2207"]
[BlackElo "2415"]
[PlyCount "122"]
[EventDate "2022.09.18"]
[EventType "team-tourn"]
[EventCountry "GER"]
[WhiteTeam "Gernsheim SK"]
[BlackTeam "Moerlenbach Birkenau Freibauer"]
[WhiteTeamCountry "GER"]
[BlackTeamCountry "GER"]

1. d4 Nf6 2. c4 e6 3. Nc3 d5 4. Nf3 Be7 5. e3 O-O 6. Be2 a6 7. O-O dxc4 8. a4 c5 9. Bxc4 Nc6 10. Qd3 b6 11. Rd1 cxd4 12. exd4 Nb4 13. Qe2 Bb7 14. Ne5 Rc8 15. Bf4 Nfd5 16. Nxd5 exd5 17. Bb3 Re8 18. Qh5 f6 19. Ng4 Qd7 20. Ne3 Bf8 21. Qf3 Kh8 22. h4 Re4 23. Bg3 Rce8 24. Rac1 Bc6 25. h5 R8e6 26. Qf5 Bd6 27. Bxd6 Qxd6 28. Rc3 Bd7 29. Rdc1 Re8 30. Qf3 Bg4 31. Qxe4 dxe4 32. Nxg4 Nd3 33. R1c2 Qxd4 34. Rc4 Qd7 35. Ne3 Nc5 36. Ba2 a5 37. b4 axb4 38. Rxb4 Nxa4 39. Bd5 Nc5 40. Rxb6 Qa7 41. Rb1 g6 42. h6 Qe7 43. Rbc1 Nd3 44. Rb1 f5 45. Rb7 Qh4 46. g3 Qxh6 47. Rcc7 Ne1 48. Kf1 Qh1+ 49. Ke2 Nf3 50. Ng2 Qh6 51. Nf4 g5 52. Ng2 Rd8 53. Ke3 Ne5 54. Kd4 Ng4 55. Ne3 Qf6+ 56. Kc5 Qd6+ 57. Kb5 Nf6 58. Rc6 Qe5 59. Rxf6 Rxd5+ 60. Nxd5 Qxd5+ 61. Ka6 Qa2+ 0-1

[Event "Oberliga Ost B"]
[Site "?"]
[Date "2022.09.18"]
[Round "1.3"]
[White "Legde, Georg"]
[Black "Neumann, Martin"]
[Result "1-0"]
[WhiteElo "2348"]
[BlackElo "2146"]
[PlyCount "59"]
[EventDate "2022.09.18"]
[EventType "team-tourn"]
[EventCountry "GER"]
[WhiteTeam "Moerlenbach Birkenau Freibauer"]
[BlackTeam "Gernsheim SK"]
[WhiteTeamCountry "GER"]
[BlackTeamCountry "GER"]

1. d4 d5 2. Nf3 e6 3. c4 f5 4. g3 Nf6 5. Bg2 Bd6 6. O-O O-O 7. b3 Nbd7 8. Qc2 c6 9. Ba3 Bxa3 10. Nxa3 Qe7 11. Qb2 Ne4 12. Rac1 f4 13. Nb1 g5 14. Nc3 Ndf6 15. Nxe4 Nxe4 16. Ne5 Nd6 17. e3 Bd7 18. exf4 gxf4 19. Qa3 Be8 20. Rfe1 Rf6 21. cxd5 cxd5 22. Ng4 Rg6 23. Bxd5 fxg3 24. hxg3 Qg5 25. Bxe6+ Rxe6 26. Rxe6 Nf5 27. Nf6+ Kf7 28. Ne4 Qxc1+ 29. Qxc1 Kxe6 30. Qc4+ 1-0

[Event "Oberliga Ost B"]
[Site "?"]
[Date "2022.09.18"]
[Round "1.4"]
[White "Mueller, Maximilian"]
[Black "Dittmar, Peter"]
[Result "1-0"]
[WhiteElo "2299"]
[BlackElo "2214"]
[PlyCount "65"]
[EventDate "2022.09.18"]
[EventType "team-tourn"]
[EventCountry "GER"]
[WhiteTeam "Gernsheim SK"]
[BlackTeam "Moerlenbach Birkenau Freibauer"]
[WhiteTeamCountry "GER"]
[BlackTeamCountry "GER"]

1. e4 e6 2. c4 d5 3. cxd5 exd5 4. exd5 Nf6 5. Nc3 Nxd5 6. Nf3 Be7 7. d4 O-O 8. Bd3 Nc6 9. O-O Bg4 10. h3 Bh5 11. Bxh7+ Kxh7 12. Ng5+ Kg6 13. Qd3+ f5 14. Ne6 Qd6 15. Nxd5 Kh7 16. Ndxc7 Ne5 17. Qg3 Ng6 18. Qxd6 Bxd6 19. Nxa8 Rxa8 20. f3 Bg3 21. Be3 Re8 22. d5 Ne7 23. Bf4 Nxd5 24. Bxg3 Rxe6 25. Rad1 Ne3 26. Rfe1 Rg6 27. Rxe3 Rxg3 28. Kf2 f4 29. Re4 Rg5 30. Rxf4 Be8 31. Rd8 Bc6 32. Rh4+ Kg6 33. Rg4 1-0

[Event "Oberliga Ost B"]
[Site "?"]
[Date "2022.09.18"]
[Round "1.5"]
[White "Wrede, Michael"]
[Black "Mao, Kevin"]
[Result "1-0"]
[WhiteElo "2180"]
[BlackElo "2040"]
[PlyCount "97"]
[EventDate "2022.09.18"]
[EventType "team-tourn"]
[EventCountry "GER"]
[WhiteTeam "Moerlenbach Birkenau Freibauer"]
[BlackTeam "Gernsheim SK"]
[WhiteTeamCountry "GER"]
[BlackTeamCountry "GER"]

1. d4 Nf6 2. Bg5 d5 3. e3 c5 4. c3 Nc6 5. f4 Qb6 6. Qb3 Ng4 7. Qxb6 axb6 8. Ke2 h6 9. Bh4 g5 10. h3 Nxe3 11. Kxe3 cxd4+ 12. cxd4 gxh4 13. Nc3 e6 14. Nf3 Be7 15. Rc1 Rg8 16. a3 Bd7 17. Rc2 Rc8 18. Bb5 Bf6 19. Na4 Rg6 20. Rd1 Ke7 21. Nxb6 Rcg8 22. Nxd7 Kxd7 23. Rdd2 Kd6 24. Bxc6 bxc6 25. b4 Ra8 26. Rd3 Rag8 27. Rdc3 Rxg2 28. Rxc6+ Kd7 29. Rc7+ Ke8 30. a4 Rxc2 31. Rxc2 Kd7 32. b5 Ra8 33. Ra2 Kc7 34. a5 Rb8 35. Rc2+ Kb7 36. Rc6 Bd8 37. a6+ Ka7 38. Rd6 Ba5 39. Rd7+ Kb6 40. Ne5 Kxb5 41. Rb7+ Rxb7 42. axb7 Bc7 43. Nd7 Kc6 44. b8=Q Bxb8 45. Nxb8+ Kd6 46. Na6 f6 47. Nb4 e5 48. f5 h5 49. Kd3 1-0

[Event "Oberliga Ost B"]
[Site "?"]
[Date "2022.09.18"]
[Round "1.6"]
[White "Schupp, Uwe"]
[Black "Boehmer, Christian"]
[Result "1-0"]
[WhiteElo "2100"]
[BlackElo "2162"]
[PlyCount "89"]
[EventDate "2022.09.18"]
[EventType "team-tourn"]
[EventCountry "GER"]
[WhiteTeam "Gernsheim SK"]
[BlackTeam "Moerlenbach Birkenau Freibauer"]
[WhiteTeamCountry "GER"]
[BlackTeamCountry "GER"]

1. g3 f5 2. Bg2 Nf6 3. Nf3 g6 4. c4 Bg7 5. O-O d6 6. Nc3 O-O 7. d3 Nc6 8. Rb1 e5 9. b4 h6 10. b5 Ne7 11. Qb3 Kh8 12. Nd2 g5 13. a4 Ng6 14. a5 Rb8 15. Nd5 Ne8 16. Ba3 f4 17. c5 Be6 18. cxd6 cxd6 19. b6 a6 20. e4 g4 21. Rfc1 f3 22. Bf1 h5 23. Qb4 Bxd5 24. exd5 Ne7 25. Ne4 Nf5 26. Rc4 Rf7 27. Bc1 Bf6 28. Bd2 Ne7 29. Ng5 Bxg5 30. Bxg5 Qd7 31. Bxe7 Rxe7 32. Rbc1 Qf5 33. h3 Rg7 34. Qc3 Nf6 35. Rc8+ Rxc8 36. Qxc8+ Qxc8 37. Rxc8+ Kh7 38. hxg4 hxg4 39. d4 e4 40. Rc7 Kg6 41. Bxa6 e3 42. Bd3+ Kh6 43. fxe3 Nxd5 44. Rxg7 Kxg7 45. a6 1-0

[Event "Oberliga Ost B"]
[Site "?"]
[Date "2022.09.18"]
[Round "1.7"]
[White "Felgendreher, Heiko"]
[Black "Borchert, Rene"]
[Result "0-1"]
[WhiteElo "2134"]
[BlackElo "2226"]
[PlyCount "118"]
[EventDate "2022.09.18"]
[EventType "team-tourn"]
[EventCountry "GER"]
[WhiteTeam "Moerlenbach Birkenau Freibauer"]
[BlackTeam "Gernsheim SK"]
[WhiteTeamCountry "GER"]
[BlackTeamCountry "GER"]

1. e4 e5 2. Nf3 Nc6 3. d4 exd4 4. Nxd4 Nf6 5. Nxc6 bxc6 6. e5 Qe7 7. Qe2 Nd5 8. c4 Ba6 9. Nd2 g6 10. Nf3 Bg7 11. Bg5 Qb4+ 12. Qd2 Qxd2+ 13. Bxd2 Nb6 14. O-O-O Bxc4 15. Bxc4 Nxc4 16. Bc3 O-O-O 17. Rhe1 Rhe8 18. b3 Nb6 19. Kc2 Nd5 20. Bd4 a6 21. Ng5 Re7 22. Bc5 d6 23. exd6 Rxe1 24. d7+ Rxd7 25. Rxe1 h6 26. Nf3 Nf4 27. g3 Nd3 28. Re8+ Kb7 29. Ba3 Nxf2 30. Re2 Ng4 31. h3 Nf6 32. Ne5 Rd5 33. Nxf7 Ra5 34. Nd8+ Kb6 35. Bb2 Nh5 36. Bxg7 Nxg7 37. a4 Nf5 38. Kb2 Rd5 39. Nf7 h5 40. g4 Nd4 41. Re8 Nf3 42. Kc3 h4 43. Re3 Nd4 44. Ne5 g5 45. Nc4+ Kb7 46. Re8 c5 47. Na5+ Kb6 48. Nc4+ Kb7 49. Na5+ Kb6 50. Nc4+ Kc6 51. Ne5+ Kb7 52. Kc4 Rd6 53. Nf7 Rb6 54. a5 Rxb3 55. Nd8+ Kc8 56. Rg8 Kd7 57. Kxc5 Ne6+ 58. Nxe6 Kxe6 59. Rxg5 Rb5+ 0-1

[Event "Oberliga Ost B"]
[Site "?"]
[Date "2022.09.18"]
[Round "1.8"]
[White "Rosenberger, Frank"]
[Black "Schaefer, Michael"]
[Result "1-0"]
[WhiteElo "2021"]
[BlackElo "2093"]
[PlyCount "85"]
[EventDate "2022.09.18"]
[EventType "team-tourn"]
[EventCountry "GER"]
[WhiteTeam "Gernsheim SK"]
[BlackTeam "Moerlenbach Birkenau Freibauer"]
[WhiteTeamCountry "GER"]
[BlackTeamCountry "GER"]

1. e4 c5 2. Nf3 Nc6 3. d4 cxd4 4. Nxd4 g6 5. Nc3 Bg7 6. Be3 Nf6 7. Bc4 O-O 8. Bb3 d6 9. f3 Qa5 10. Qd2 Nxd4 11. Bxd4 Be6 12. O-O-O b5 13. Kb1 Rfc8 14. h4 Bxb3 15. cxb3 e5 16. Be3 b4 17. Nd5 Nxd5 18. Qxd5 Qxd5 19. Rxd5 Bf8 20. Rc1 Rxc1+ 21. Kxc1 a5 22. Kc2 Ra6 23. Rb5 Be7 24. g3 f5 25. Rb7 f4 26. gxf4 Bxh4 27. fxe5 dxe5 28. Kd3 h5 29. Rb6 Rxb6 30. Bxb6 Be7 31. Bxa5 Kf7 32. Bb6 h4 33. Ke2 g5 34. Kf1 Bd6 35. Kg2 Kg6 36. Kh3 Kh5 37. Be3 Be7 38. Ba7 Bd6 39. Bb6 Kh6 40. Kg4 Kg6 41. Be3 Be7 42. Bc1 Bc5 43. a4 1-0

[Event "Oberliga Ost B"]
[Site "?"]
[Date "2022.09.18"]
[Round "1.1"]
[White "Poetsch, Hagen"]
[Black "Humburg, Philipp"]
[Result "1/2-1/2"]
[WhiteElo "2491"]
[BlackElo "2229"]
[PlyCount "95"]
[EventDate "2022.09.18"]
[EventType "team-tourn"]
[EventCountry "GER"]
[WhiteTeam "Heusenstamm SC"]
[BlackTeam "Marburg SK"]
[WhiteTeamCountry "GER"]
[BlackTeamCountry "GER"]

1. e4 e5 2. Nf3 Nc6 3. d4 exd4 4. Nxd4 Nf6 5. Nxc6 bxc6 6. Bd3 d5 7. exd5 cxd5 8. O-O Be7 9. c4 O-O 10. Nc3 c6 11. cxd5 cxd5 12. Be3 Bb7 13. Qa4 Qd7 14. Qxd7 Nxd7 15. Rfd1 Ne5 16. Be2 Rfd8 17. Bd4 Nc6 18. Bf3 Nxd4 19. Rxd4 Bf6 20. Rd3 Rac8 21. Rad1 Kf8 22. g3 Ba6 23. Rxd5 Rxd5 24. Bxd5 Bxc3 25. bxc3 Rxc3 26. Rb1 Ke7 27. Rb4 Kf8 28. Rb1 Rc5 29. Rb8+ Ke7 30. Bb3 Rc7 31. f4 Bc8 32. Kf2 Be6 33. Ke3 h5 34. Rb5 g6 35. Re5 Kf6 36. Bxe6 fxe6 37. Ra5 Rc2 38. Rxa7 Rxh2 39. Ra5 Rg2 40. Kf3 Rc2 41. a4 Rc3+ 42. Kg2 Rc2+ 43. Kh3 Ra2 44. Ra8 Ra3 45. a5 e5 46. Ra6+ Kf5 47. fxe5 g5 48. Ra8 1/2-1/2

[Event "Oberliga Ost B"]
[Site "?"]
[Date "2022.09.18"]
[Round "1.2"]
[White "Baum, Bernd"]
[Black "Zuyev, Igor"]
[Result "0-1"]
[WhiteElo "2272"]
[BlackElo "2453"]
[PlyCount "62"]
[EventDate "2022.09.18"]
[EventType "team-tourn"]
[EventCountry "GER"]
[WhiteTeam "Marburg SK"]
[BlackTeam "Heusenstamm SC"]
[WhiteTeamCountry "GER"]
[BlackTeamCountry "GER"]

1. e4 c5 2. g3 d5 3. exd5 Qxd5 4. Nf3 Nc6 5. Bg2 Qe6+ 6. Kf1 g6 7. Nc3 Bg7 8. d3 Nf6 9. Be3 b6 10. d4 Ba6+ 11. Kg1 Rd8 12. Ng5 Qc8 13. d5 Bc4 14. b3 Nxd5 15. Nxd5 Bxd5 16. Bxd5 e6 17. Bxc6+ Qxc6 18. Qf1 h6 19. Nh3 Bxa1 20. Qxa1 Qf3 21. Qxh8+ Ke7 22. Qxd8+ Kxd8 23. Nf4 g5 24. Nd3 Qd1+ 25. Kg2 Qxc2 26. Nc1 Qe4+ 27. Kg1 f5 28. h3 f4 29. gxf4 gxf4 30. Bd2 Qd4 31. Be1 Qd1 0-1

[Event "Oberliga Ost B"]
[Site "?"]
[Date "2022.09.18"]
[Round "1.3"]
[White "Solonar, Stefan"]
[Black "Dorst, Johannes"]
[Result "1/2-1/2"]
[WhiteElo "2291"]
[BlackElo "2238"]
[PlyCount "49"]
[EventDate "2022.09.18"]
[EventType "team-tourn"]
[EventCountry "GER"]
[WhiteTeam "Heusenstamm SC"]
[BlackTeam "Marburg SK"]
[WhiteTeamCountry "GER"]
[BlackTeamCountry "GER"]

1. c4 e5 2. Nc3 Bb4 3. Nd5 a5 4. Nxb4 axb4 5. d4 d6 6. Nf3 f6 7. e4 c5 8. d5 Ne7 9. Nh4 Nd7 10. Qh5+ g6 11. Qh6 Kf7 12. Be2 Qf8 13. Qe3 h5 14. O-O g5 15. Nf5 Nxf5 16. exf5 Nb6 17. Qe4 Bd7 18. b3 Nc8 19. h4 Qg7 20. hxg5 fxg5 21. Bb2 Ne7 22. f4 gxf4 23. Rxf4 Qf6 24. Bd3 Rhg8 25. Raf1 1/2-1/2

[Event "Oberliga Ost B"]
[Site "?"]
[Date "2022.09.18"]
[Round "1.4"]
[White "Alber, Horst"]
[Black "Klundt, Klaus"]
[Result "0-1"]
[WhiteElo "2245"]
[BlackElo "2277"]
[PlyCount "80"]
[EventDate "2022.09.18"]
[EventType "team-tourn"]
[EventCountry "GER"]
[WhiteTeam "Marburg SK"]
[BlackTeam "Heusenstamm SC"]
[WhiteTeamCountry "GER"]
[BlackTeamCountry "GER"]

1. d4 Nf6 2. c4 e6 3. Nc3 d5 4. Bg5 Be7 5. Nf3 O-O 6. e3 h6 7. Bxf6 Bxf6 8. Qb3 c6 9. g4 g6 10. O-O-O Nd7 11. h4 Bg7 12. Kb1 a5 13. g5 h5 14. e4 a4 15. Qc2 dxc4 16. Bxc4 b5 17. Bd3 Qa5 18. e5 b4 19. Ne4 b3 20. Qd2 Rd8 21. Qxa5 Rxa5 22. axb3 c5 23. dxc5 axb3 24. Bc4 Bb7 25. Rhe1 Rda8 26. Bxb3 Ra1+ 27. Kc2 Rxd1 28. Kxd1 Ra1+ 29. Kd2 Rxe1 30. Nxe1 Bxe4 31. f4 Bf8 32. Bc2 Bxc2 33. Nxc2 Bxc5 34. Ke2 Kf8 35. b4 Ba7 36. Na3 Nb6 37. Nb5 Bb8 38. Nc3 Nd5 39. Nxd5 exd5 40. b5 Ba7 0-1

[Event "Oberliga Ost B"]
[Site "?"]
[Date "2022.09.18"]
[Round "1.5"]
[White "Roeschlau, Bernd"]
[Black "Henrich, Thomas"]
[Result "0-1"]
[WhiteElo "2222"]
[BlackElo "2103"]
[PlyCount "76"]
[EventDate "2022.09.18"]
[EventType "team-tourn"]
[EventCountry "GER"]
[WhiteTeam "Heusenstamm SC"]
[BlackTeam "Marburg SK"]
[WhiteTeamCountry "GER"]
[BlackTeamCountry "GER"]

1. e4 e5 2. Nf3 Nc6 3. Bb5 a6 4. Bxc6 dxc6 5. O-O Qd6 6. Na3 Be6 7. b3 f6 8. Nc4 Qd7 9. Qe2 O-O-O 10. Bb2 g5 11. d4 g4 12. dxe5 gxf3 13. Qxf3 Qf7 14. exf6 Bd6 15. Qe3 Nxf6 16. e5 Nd5 17. Qa7 Rhg8 18. g3 Bb4 19. Rac1 Nb6 20. Nxb6+ cxb6 21. Qxb6 Bh3 22. Qe3 Bxf1 23. Rxf1 Qd5 24. Qf4 Bc5 25. c4 Qe6 26. b4 Rgf8 27. Qc1 Bxb4 28. Qg5 Bc5 29. Bc1 Rf5 30. Qh4 Rxe5 31. Bf4 Re1 32. Qxh7 Rxf1+ 33. Kxf1 Qxc4+ 34. Kg2 Qd5+ 35. Kg1 Qd1+ 36. Kg2 Qd7 37. Qc2 Qd5+ 38. f3 Bd6 0-1

[Event "Oberliga Ost B"]
[Site "?"]
[Date "2022.09.18"]
[Round "1.6"]
[White "Rolle, Eric"]
[Black "Flach, Erich"]
[Result "1-0"]
[WhiteElo "2120"]
[BlackElo "2074"]
[PlyCount "65"]
[EventDate "2022.09.18"]
[EventType "team-tourn"]
[EventCountry "GER"]
[WhiteTeam "Marburg SK"]
[BlackTeam "Heusenstamm SC"]
[WhiteTeamCountry "GER"]
[BlackTeamCountry "GER"]

1. c4 Nf6 2. Nc3 e6 3. e4 d5 4. e5 d4 5. exf6 dxc3 6. bxc3 Qxf6 7. Bd3 Bd7 8. Bc2 Bc6 9. Qg4 h5 10. Qh3 g5 11. f3 g4 12. fxg4 Rg8 13. Ne2 hxg4 14. Qg3 Bd6 15. Qf2 Nd7 16. d4 Qxf2+ 17. Kxf2 b6 18. Bf4 Nf6 19. Rhe1 O-O-O 20. Kg1 Be4 21. Bb3 c5 22. Bxd6 Rxd6 23. Ng3 Bg6 24. Rf1 Nh7 25. Rf4 f5 26. Re1 Ng5 27. d5 exd5 28. cxd5 Rf8 29. Ref1 Rdf6 30. Bc2 Kc7 31. Bxf5 Ne4 32. Rxe4 Bxf5 33. Ref4 1-0

[Event "Oberliga Ost B"]
[Site "?"]
[Date "2022.09.18"]
[Round "1.7"]
[White "Vechorkin, Oleksii"]
[Black "Duncker, Joachim"]
[Result "1/2-1/2"]
[WhiteElo "2084"]
[BlackElo "2200"]
[PlyCount "90"]
[EventDate "2022.09.18"]
[EventType "team-tourn"]
[EventCountry "GER"]
[WhiteTeam "Heusenstamm SC"]
[BlackTeam "Marburg SK"]
[WhiteTeamCountry "GER"]
[BlackTeamCountry "GER"]

1. d4 Nf6 2. Nf3 d5 3. c4 e6 4. Nc3 Bb4 5. e3 O-O 6. Be2 dxc4 7. Bxc4 c5 8. O-O a6 9. a4 Nc6 10. Qd3 Qc7 11. d5 exd5 12. Nxd5 Nxd5 13. Bxd5 Ne7 14. Bc4 Bf5 15. e4 Bg4 16. Rd1 Rad8 17. Bf4 Rxd3 18. Bxc7 Rxd1+ 19. Rxd1 Nc6 20. h3 Bxf3 21. gxf3 Nd4 22. Kg2 Rc8 23. Be5 Nc6 24. f4 Rd8 25. Rd5 Rxd5 26. exd5 Nd4 27. Bc7 b5 28. axb5 axb5 29. Bf1 Bd2 30. Bb6 Bxf4 31. Bxc5 Be5 32. d6 Ne6 33. b4 f5 34. Bxb5 Kf7 35. Bc4 Kf6 36. d7 Bc7 37. Bb5 Nxc5 38. bxc5 Ke5 39. Kf3 g5 40. Ba4 h5 41. Bc2 g4+ 42. hxg4 fxg4+ 43. Kg3 Ke6+ 44. Kh4 Kxd7 45. Be4 Bf4 1/2-1/2

[Event "Oberliga Ost B"]
[Site "?"]
[Date "2022.09.18"]
[Round "1.8"]
[White "Hein, Lennart"]
[Black "Schreiner, Roland"]
[Result "1/2-1/2"]
[WhiteElo "1910"]
[BlackElo "2070"]
[PlyCount "48"]
[EventDate "2022.09.18"]
[EventType "team-tourn"]
[EventCountry "GER"]
[WhiteTeam "Marburg SK"]
[BlackTeam "Heusenstamm SC"]
[WhiteTeamCountry "GER"]
[BlackTeamCountry "GER"]

1. d4 d5 2. Nf3 Nf6 3. g3 e6 4. c4 c6 5. Bg2 Nbd7 6. O-O Be7 7. Qc2 O-O 8. b3 Ne4 9. Bb2 f5 10. Ne1 Ndf6 11. f3 Nd6 12. Nd3 Bd7 13. Ne5 Be8 14. Nc3 dxc4 15. Na4 Nd5 16. Bc1 cxb3 17. Qxb3 b6 18. Rd1 Nf7 19. e4 fxe4 20. fxe4 Nc7 21. Nf3 Ng5 22. Ne5 Nf7 23. Nf3 Ng5 24. Ne5 Nf7 1/2-1/2

[Event "Oberliga Ost B"]
[Site "?"]
[Date "2022.09.18"]
[Round "1.1"]
[White "Geske, Julian"]
[Black "Zude, Arno"]
[Result "1-0"]
[WhiteElo "2389"]
[BlackElo "2375"]
[PlyCount "45"]
[EventDate "2022.09.18"]
[EventType "team-tourn"]
[EventCountry "GER"]
[WhiteTeam "Wiesbadener SV"]
[BlackTeam "Hofheim SV II"]
[WhiteTeamCountry "GER"]
[BlackTeamCountry "GER"]

1. e4 e5 2. Nf3 Nc6 3. Nc3 Nf6 4. d4 exd4 5. Nxd4 Bb4 6. Nxc6 bxc6 7. Bd3 O-O 8. O-O d5 9. exd5 cxd5 10. h3 Re8 11. Qf3 c6 12. Bf4 Qe7 13. Rad1 Bd7 14. Ne2 Ne4 15. Ng3 f5 16. c4 Qf7 17. Bc2 Be6 18. cxd5 Bxd5 19. Nxe4 fxe4 20. Qg3 Re6 21. Bb3 Rf6 22. Be5 Rf5 23. Rxd5 1-0

[Event "Oberliga Ost B"]
[Site "?"]
[Date "2022.09.18"]
[Round "1.2"]
[White "Weber, Ulrich"]
[Black "Bilych, Olexiy"]
[Result "1-0"]
[WhiteElo "2343"]
[BlackElo "2417"]
[PlyCount "119"]
[EventDate "2022.09.18"]
[EventType "team-tourn"]
[EventCountry "GER"]
[WhiteTeam "Hofheim SV II"]
[BlackTeam "Wiesbadener SV"]
[WhiteTeamCountry "GER"]
[BlackTeamCountry "GER"]

1. Nf3 d5 2. g3 Nc6 3. d4 Bf5 4. Bg2 e6 5. a3 Nf6 6. O-O h6 7. c4 Ne4 8. Nc3 Nxc3 9. bxc3 Be4 10. cxd5 exd5 11. Bh3 Bxf3 12. exf3 Be7 13. Re1 O-O 14. Ra2 Na5 15. Rae2 Bd6 16. Kg2 Qf6 17. Qa4 Nc4 18. Qb5 Nb6 19. a4 Rab8 20. Qb3 Nc4 21. Bd7 c6 22. Qc2 a5 23. Bf5 b5 24. Bd7 b4 25. Bxc6 bxc3 26. Bxd5 Nb6 27. Bb3 Qxd4 28. Qf5 Nxa4 29. Bc2 g6 30. Qxa5 Ra8 31. Qb5 Nb2 32. Bxh6 Rfb8 33. Qd7 Be5 34. Qh3 Bf6 35. Re4 Qc5 36. Bf4 Rd8 37. Be3 Qc8 38. Rg4 Nd3 39. Rd1 Qf5 40. Qh6 Ne1+ 41. Rxe1 Qxc2 42. Re4 Qd3 43. Bb6 Rdc8 44. Qf4 Bg7 45. Re7 Qd5 46. Rd1 Qf5 47. Qxf5 gxf5 48. Rdd7 f4 49. Rxf7 Be5 50. gxf4 c2 51. fxe5 c1=Q 52. Rg7+ Kh8 53. Rh7+ Kg8 54. Rdg7+ Kf8 55. Rf7+ Kg8 56. Rfg7+ Kf8 57. e6 Ra7 58. Bxa7 Rc7 59. Rxc7 Qg5+ 60. Kh1 1-0